Freud : (Record no. 39666)
[ view plain ]
| 000 -LEADER | |
|---|---|
| fixed length control field | 00650 a2200229 4500 |
| 003 - CONTROL NUMBER IDENTIFIER | |
| control field | 0 |
| 005 - DATE AND TIME OF LATEST TRANSACTION | |
| control field | 20160609161655.0 |
| 008 - FIXED-LENGTH DATA ELEMENTS--GENERAL INFORMATION | |
| fixed length control field | 110325t xxu||||| |||| 00| 0 eng d |
| 040 ## - SOURCE DU CATALOGAGE | |
| Original cataloging agency | BUAC |
| Language of cataloging | Fre. |
| Transcribing agency | BUC |
| 041 ## - CODE DE LANGUE | |
| Language code of text/sound track or separate title | Fre |
| 100 ## - VEDETTE PRINCIPALE - NOM DE PERSONNE | |
| Personal name | Assoun, Paul-Laurent |
| 9 (RLIN) | 15698 |
| 100 ## - VEDETTE PRINCIPALE - NOM DE PERSONNE | |
| Language of a work | Fre |
| 9 (RLIN) | 15699 |
| 245 ## - TITLE STATEMENT | |
| Title | Freud : |
| Remainder of title | la philosophie et les philosophes |
| Statement of responsibility, etc | Paul-Laurent Assoun |
| 260 ## - PUBLICATION, DISTRIBUTION, ETC. (IMPRINT) | |
| Place of publication, distribution, etc | Paris |
| Name of publisher, distributor, etc | Presses Universitaires de France |
| Date of publication, distribution, etc | 1976 |
| 300 ## - PHYSICAL DESCRIPTION | |
| Extent | 230p. |
| Dimensions | 22 cm. |
| 440 ## - SERIES STATEMENT/ADDED ENTRY--TITLE | |
| Title | Philosophie d'aujourd'hui |
| 9 (RLIN) | 15700 |
| 600 ## - SUBJECT ADDED ENTRY--PERSONAL NAME | |
| Personal name | Freud |
| 9 (RLIN) | 15701 |
| 630 ## - SUBJECT ADDED ENTRY--UNIFORM TITLE | |
| Uniform title | PHILOSOPHIE |
| 9 (RLIN) | 15702 |
| 650 ## - SUBJECT ADDED ENTRY--TOPICAL TERM | |
| Topical term or geographic name as entry element | philosophie : système |
| 9 (RLIN) | 15704 |
| 942 ## - ADDED ENTRY ELEMENTS (KOHA) | |
| Koha item type | Livre |
| Withdrawn status | Lost status | Damaged status | Not for loan | Location (home branch) | Sublocation or collection (holding branch) | Date acquired | Source of acquisition | Koha issues (times borrowed) | Koha full call number | Koha date last seen | Copy number | Price effective from | Koha item type |
|---|---|---|---|---|---|---|---|---|---|---|---|---|---|
| Bibliothèque Universitaire Centrale | Bibliothèque Universitaire Centrale | ACHAT | 141 ASS | 16/07/2010 | 1 | 16/07/2010 | Livre |